載入...
| LEADER | 00482nam a2200157Ia 4500 | ||
|---|---|---|---|
| 001 | 189230 | ||
| 008 | 170722s9999 xx 000 0 und d | ||
| 020 | |a 9788126453160 | ||
| 100 | |a Pearson, N. M. | ||
| 245 | |a Red salute / | ||
| 260 | |a Kottayam : |b D C Books , |c 2015. | ||
| 300 | |a 256 p. | ||
| 923 | |d 20150310 |n 1156 | ||
| 942 | |c GEN | ||
| 999 | |c 154246 |d 154246 | ||
| 952 | |0 0 |1 0 |4 0 |6 XM_2XM18_32Q5 |7 0 |9 216882 |a LIB |b LIB |d 2015-03-16 |e D C Books |o XM2xM18 32Q5 |p 298854 |r 2017-08-12 |v 240.00 |w 2017-08-12 |y GEN | ||